000 00399nam a22001697a 4500
003 MPLRDC
005 20220104114552.0
008 210129b ||||| |||| 00| 0 eng d
082 _a782.24 ZLS
100 _a张乐水 编著
245 _a才子小传
_c
260 _a
_b常春树书坊
_c1976
300 _b
490 _a中国人的书
650 _a中国传记
942 _cBK
_o782.24 ZLS
999 _c8506
_d8496